00564nam a22001817a 450000500170000001000170001702000260003403500170006003700120007708200110008910000180010024500850011825000120020326000470021527000730026230000260033550000210036120130521121557.0 aB-504980-988 a9789350352359c150.00 aB-504980-988 bUBH/Ven a340.14 aArora, Manish aShort Essay &Paragraphs on LAW :binclude Legal Personalities /cby Manish Arora a9th ed. aNew DelhibUniversal Law Publishingcc2012 aC-FF-1A, Dilkhush Industrial Estate, G.T.Karnal Road,bDelhie110033 axi,154p.:c24cm(pbk). aIt include index